000 01103nam0a2200301 4500
001 RU\NLR\BIBL_A\011953979
005 20190422105816.0
010 _a978-5-386-10890-8
021 _aRU
_bКН-П-19-007608
_9КН-П-19-0569
035 _a(NLR Aleph) 011953979
035 _a(RuMoRGB)009885757
090 _a11164504
_c11164504
100 _a20190306d2019 u y0rusy50 ca
101 1 _arus
_ceng
102 _aRU
105 _ay z 000zy
200 1 _aФизика зазеркалья
_eновая теория поля и другие вопросы
_fМайлз Мэтис
_g[перевод с английского Д. В. Попов]
210 _aМосква
_cРИПОЛ классик
_aСанкт-Петербург
_cПальмира
_d2019
215 _a493, [1] с.
_cил.
_d21
333 _a16+
606 1 _aТеоретическая физика
_91380951
_3RU\NLR\AUTH\66265913
686 1 _aВ31
700 1 _aМэтис
_bМ.
_gМайлз
942 _cBOOK
980 _aNBR
980 _aNB